Princeton University Graduates - Statistics

General Stats
  • This quiz has been taken 124 times
  • The average score is 8 of 25
Answer Stats
Hint Answer % Correct
Former US First Lady known for health activism Michelle Obama
89%
Only alum to serve as President of both the US and the University Woodrow Wilson
74%
Former US Vice President who dueled with Hamilton Aaron Burr
69%
First Hispanic US Supreme Court Justice Sonia Sotomayor
68%
Notably wealthy businessman involved in e-commerce, mass media and aerospace Jeff Bezos
65%
Federalist papers co-author who graduated in just two years James Madison
64%
Famous debater/lawyer and Texan Senator Ted Cruz
44%
Actor best known as Fox Mulder in "The X-Files" David Duchovny
39%
NBA Hall-of-Famer who ran for President in 2000 Bill Bradley
35%
US Supreme Court Associate Justice nominated by George W. Bush Samuel Alito
31%
Computer scientist and mathematician known for his eponymous "machines" Alan Turing
30%
Actress who first garnered acclaim at age twelve for her role in "Pretty Baby" Brooke Shields
26%
US President who left the University after two months due to illness John F. Kennedy
23%
Federal Reserve Chair appointed in 2018 Jerome Powell
20%
Former CEO of eBay, HPE and Quibi Meg Whitman
19%
Legal scholar and the University's current President Christopher Eisgruber
12%
Cronkite-award winning media mogul for whom a residential college at the school is named Malcolm Forbes, Sr.
12%
Former Tennessean Senator and Majority Leader Bill Frist
10%
Apollo 12 Commander and 3rd man on the Moon Pete Conrad
10%
Australian mathematician who was selected for both the Fields Medal and MacArthur Fellowship in 2006 Terrence Tao
8%
United World Colleges president and Jordanian Royal Queen Noor Al-Hussein
7%
Hong Kong businessman who has donated over $100 million to the university Gordon Wu
4%
Business strategist and singer who recently donated $20 million to the University Kwanza Jones
4%
Emeritus Professor and co-recepient of the 2019 Nobel Prize in Physics Jim Peebles
2%
Composer best known for "East of the Sun" Brooks Bowman
1%
No matching quizzes found
Score Distribution
Percent of People with Each Score
Percentile by Number Answered
Your Score History
You have not taken this quiz